Postavenie a význam Eko - hotelov na trhu cestovného ruchu bakalárska práca

Salvato in:
Dettagli Bibliografici
Autore principale: Kóšová, Lucia
Ente Autore: Obchodná fakulta EU. Katedra služieb a cestovného ruchu - zrušené
Altri autori: Hadarová, Daniela
Natura: Libro
Lingua:slovacco
Pubblicazione: Bratislava 2012
Tags: Aggiungi Tag
Nessun Tag, puoi essere il primo ad aggiungerne!!

MARC

LEADER 00000nbm a2200000 4500
001 0154413
005 20161109111841.9
041 0 |a slo 
044 |a SK 
245 1 0 |a Postavenie a význam Eko - hotelov na trhu cestovného ruchu  |b bakalárska práca  |c Lucia Kóšová ; školiteľ: Daniela Hadarová 
264 1 |a Bratislava  |c 2012 
300 |a 43 s. 
100 1 |a Kóšová, Lucia 
700 1 |a Hadarová, Daniela 
710 2 |a Obchodná fakulta EU. Katedra služieb a cestovného ruchu - zrušené